ARRUPE JESUIT UNIVERSITY

CORONAVIRUS -STOP THE SPREAD - CLEAN,DISINFECT,COVER

The House stands firm: (Record no. 183)

MARC details
000 -LEADER
fixed length control field 00517nam a2200217Ia 4500
003 - CONTROL NUMBER IDENTIFIER
control field 0100
008 - FIXED-LENGTH DATA ELEMENTS--GENERAL INFORMATION
fixed length control field 130227s9999 xx 000 0 und d
040 ## - CATALOGING SOURCE
Transcribing agency ARRUPELIB
050 ## - LIBRARY OF CONGRESS CALL NUMBER
Classification number GN480.M313
100 ## - MAIN ENTRY--PERSONAL NAME
Personal name Marie-Andre du Sacre-Coeur
9 (RLIN) 37777
245 #4 - TITLE STATEMENT
Title The House stands firm:
Remainder of title Family life in West Africa
260 ## - PUBLICATION, DISTRIBUTION, ETC. (IMPRINT)
Place of publication, distribution, etc Milwaukee
Name of publisher, distributor, etc Bruce Publishing Co.
Date of publication, distribution, etc 1962
300 ## - PHYSICAL DESCRIPTION
Extent xviii
300 ## - PHYSICAL DESCRIPTION
Other physical details 242p 21cm
650 ## - SUBJECT ADDED ENTRY--TOPICAL TERM
Topical term or geographic name as entry element Family
Geographic subdivision Africa, West
9 (RLIN) 37778
650 ## - SUBJECT ADDED ENTRY--TOPICAL TERM
Topical term or geographic name as entry element Women in West Africa
9 (RLIN) 37779
700 ## - ADDED ENTRY--PERSONAL NAME
Personal name Zizzamia, Alba I. (tr)
9 (RLIN) 37780
942 ## - ADDED ENTRY ELEMENTS (KOHA)
Source of classification or shelving scheme Library of Congress Classification
Item type Monograph ( Printed materials)
Holdings
Withdrawn status Lost status Source of classification or shelving scheme Damaged status Not for loan Collection code Home library Current library Shelving location Date acquired Total Checkouts Full call number Barcode Date last seen Copy number Price effective from Koha item type
    Library of Congress Classification     Main Collection ARRUPE LIBRARY ARRUPE LIBRARY   27/02/2013   GN480.M313 46400461 09/04/2018 1 27/02/2013 Monograph ( Printed materials)

 

Arrupe Library. PO Box MP320 Mt Pleasant, Harare, Zimbabwe
263 242 745411|librarian@aju.ac.zw